000 00274nam a22001217a 4500
008 171009b xxu||||| |||| 00| 0 eng d
041 _aeng
080 _a159.9
100 _a49
101 _aPSI
245 _aGUIDE TO PRIMARY CARE PSYCHIATRY
_cSTERN,TH.A
942 _2udc
_cBK
999 _c32687
_d32687